| 000 | 01608nam a2200481 i 4500 | ||
|---|---|---|---|
| 999 |
_c51377 _d51377 |
||
| 001 | 51377 | ||
| 003 | ES-MaCES | ||
| 005 | 20191112140712.0 | ||
| 008 | 191112s2019 sp | ||||o000 0|spa | | ||
| 017 |
_aM 40768-2018 _bDL |
||
| 020 | _a9788473516655 | ||
| 020 | _a9788473516662 (formato electrónico) | ||
| 024 | 7 |
_a278-18-005-9 _2nipo |
|
| 024 | 7 |
_a278-19-006-4 (formato electrónico) _2nipo |
|
| 040 |
_aES-MaCES _bspa _cES-MaCES |
||
| 100 | 1 |
_912729 _aGarcía, Eloy |
|
| 245 | 1 | 4 |
_aLos instrumentos de democracia directa en el Derecho comparado _cEloy García, Elisabetta Palici di Suni, Martin Rogoff |
| 250 | _a1ª ed | ||
| 260 |
_aMadrid _bInstituto Nacional de Administración Pública _c2019 |
||
| 300 |
_a314 p. _c24 cm |
||
| 490 | 1 | _aTratado de Derecho público comparado | |
| 541 | 0 | _cGratuito | |
| 650 | 4 |
_ademocracia _927175 |
|
| 650 | 4 |
_arégimen político _927201 |
|
| 650 | 4 |
_aconstitución _927193 |
|
| 650 | 4 |
_aderecho público _927169 |
|
| 650 | 4 |
_aderecho constitucional _927158 |
|
| 650 | 4 |
_aderecho comparado _929868 |
|
| 650 | 4 |
_aEuropa _926940 |
|
| 650 | 4 |
_aEspaña _926964 |
|
| 650 | 4 |
_aFrancia _926943 |
|
| 650 | 4 |
_aItalia _926952 |
|
| 650 | 4 |
_aEstados Unidos _928373 |
|
| 650 | 4 |
_aCanadá _926860 |
|
| 650 | 4 |
_ahistoria _927251 |
|
| 653 | _aDerecho constitucional | ||
| 700 | 1 |
_939657 _aDi Suni, Elisabetta Palici |
|
| 700 | 1 |
_939658 _aRogoff, Martin |
|
| 710 | 2 |
_94265 _aInstituto Nacional de Administración Pública (España) _eed. |
|
| 830 | 0 |
_939651 _aTratado de Derecho publico comparado |
|
| 902 | _aLIB Libro | ||
| 942 |
_2CES _cBK _h6.0.3. |
||